• 首页
  • 本馆介绍
  • 公告通知
  • 最新文献
  • 馆藏检索
  • 电子资源
  • 读者导购
  • 参考咨询
  • 我的图书馆
  • 登录
  • 详细信息显示
  • 放入我的书架
  • 预约/预借图书
  • 作者相关作品
  • 分类相关作品
  • 丛书相关作品
  • 出版社相关作品

书目信息

  • 表格格式
  • 工作单格式
  • 卡片格式
题名:
花间集校
    
 
作者: 赵崇祚 辑 ;李一氓 校
分册:  
出版信息: 北京   人民文学出版社  1985
页数: 247页
开本: 19cm
丛书名:
单 册:
中图分类: I222.843 , I222.742
科图分类:
主题词: 词(文学)--中国--五代十国时期 , 诗歌--中国 , 韵文--中国
电子资源:
ISBN:
000 00771nam0 2200289 45
001 0185011189
005 20061108105319.51
010    @dCNY0.80
091    @a10019.787
100    @a19950601d1985 em y0chiy0121 ea
101 0  @achi
102    @aCN@b110000
105    @ay z 000gy
106    @ar
200 10 @a花间集校@Ahua jian ji jiao@f(五代)赵崇祚辑@g李一氓校
210    @a北京@c人民文学出版社@d1985
215    @a247页@d19cm
606    @a词(文学)@y中国@z五代十国时期
606 0  @a诗歌@x中国
606 0  @a韵文@x中国
690    @aI222.843@v3
690    @aI222.742
701  0 @a赵崇祚@Azhao chong zuo@f五代@4辑
702  0 @a李一氓@Ali yi meng@4校
801  0 @aCN@b上海图书馆@c20061108
801  2 @aCN@bNLC@c20040330
905    @f1@b44301@dI222.742@e85
    
    花间集校/(五代)赵崇祚辑/李一氓校.-北京:人民文学出版社,1985
    247页;19cm
    
    
    ISBN :CNY0.80
    
●
相关链接 在E读中查询图书 在五车中查询图书 在当当中查询图书 在豆瓣中查询图书


正题名:花间集校     索取号:I222.742/85         预约/预借

序号 登录号 条形码 馆藏地/架位号 状态 备注
1 0044301   001920345   密集书库/ [索取号:I222.742/85] 在馆    
2 0044303   000966823   第一样本阅览室/ [索取号:I222.742/85] 在馆    
唐山师范学院图书馆 欢迎您!
大连网信软件有限公司© 版权所有